Countries With the Most Endangered Species In The World - Statistics

General Stats
  • This quiz has been taken 67 times
  • The average score is 8 of 10
Answer Stats
No. of Endangered Species Country % Correct
413 Brazil
97%
435 China
97%
475 United States
97%
542 India
92%
583 Indonesia
92%
665 Mexico
92%
540 Colombia
81%
385 Peru
75%
436 Ecuador
66%
553 Madagascar
49%
No matching quizzes found
Score Distribution
Percent of People with Each Score
Percentile by Number Answered
Your Score History
You have not taken this quiz